000 00584nam a22002177a 4500
005 20170124110102.0
010 _a665915
020 _c00.00
035 _a665915
037 _bCen Lib/Ret
040 _aDPL
_bEN
082 _aN-
_bALC
100 _aAlcott, Louisa M.
_927447
245 _aJo's boys /
_cby Louisa M. Alcott
260 _aLondon
_bBancroft Books
_c1970
270 _a49-50, Poland Street
_bLondon
300 _a159p.
_c19cm(Hb)
650 _aManners and customs
_9107407
650 _aMarch family (Fictitious characters)
_927449
942 _2ddc
_cEN
_hN-
_mALC
999 _c129803
_d129803